<?xml version="1.0" encoding="UTF-8"?>
<record
    xmlns:xsi="http://www.w3.org/2001/XMLSchema-instance"
    xsi:schemaLocation="http://www.loc.gov/MARC21/slim http://www.loc.gov/standards/marcxml/schema/MARC21slim.xsd"
    xmlns="http://www.loc.gov/MARC21/slim">

  <leader>01342nam a22001577a 4500</leader>
  <controlfield tag="003">OSt</controlfield>
  <controlfield tag="005">20260429091502.0</controlfield>
  <controlfield tag="008">260429b        |||||||| |||| 00| 0 SPA d</controlfield>
  <datafield tag="100" ind1=" " ind2=" ">
    <subfield code="a">L.Susana Quiroz C.</subfield>
  </datafield>
  <datafield tag="245" ind1=" " ind2=" ">
    <subfield code="a">Amor Sobrenatural </subfield>
  </datafield>
  <datafield tag="250" ind1=" " ind2=" ">
    <subfield code="a">1ra</subfield>
  </datafield>
  <datafield tag="260" ind1=" " ind2=" ">
    <subfield code="a">QUITO - ECUADOR </subfield>
    <subfield code="b">ITS ECAUTORIANO</subfield>
    <subfield code="c">XX</subfield>
  </datafield>
  <datafield tag="300" ind1=" " ind2=" ">
    <subfield code="a">95 Pag</subfield>
  </datafield>
  <datafield tag="520" ind1=" " ind2=" ">
    <subfield code="a"> 
Amor sobrenatural
 
car&#xE1;cter netamente superficial.
 
Su atenci&#xF3;n se posaba en cualquier parte d- cuerpo femenino que estuviera frente a - mirada.
 
Pod&#xED;a quedarse embelesado por unos bellos ojos, por una nariz bien perfilada o unos labios bien delineados y finamente pintados como un rub&#xED;.
 
Quedaba siempre asaltado por una oleada de aromas y colores, acompa&#xF1;ados sin duda, de un delicado andar.
 
Le cautivaban unos pies finamente arreglados, una estrecha cintura, la delicadez de la parte baja de la espalda, o la peque&#xF1;a sonrisa que una mujer brinda cuando nota que alguien la est&#xE1; mirando. Todo esto a escondidas de los dem&#xE1;s, por supuesto.
Y, como el amor es un tema innato en las conversaciones de todos los j&#xF3;venes, Javier y sus amigos platicaban durante innumerables horas sobre los nuevos rostros, que en el transcurso del d&#xED;a, se hab&#xED;an impregnado en sus miradas: si les quedaron viendo... o si les sonrieron... Pero todo, siempre a su favor.</subfield>
  </datafield>
  <datafield tag="942" ind1=" " ind2=" ">
    <subfield code="2">ddc</subfield>
    <subfield code="c">BKA</subfield>
    <subfield code="n">0</subfield>
  </datafield>
  <datafield tag="952" ind1=" " ind2=" ">
    <subfield code="0">0</subfield>
    <subfield code="1">0</subfield>
    <subfield code="2">ddc</subfield>
    <subfield code="4">0</subfield>
    <subfield code="7">0</subfield>
    <subfield code="8">F02</subfield>
    <subfield code="a">ISUS</subfield>
    <subfield code="b">ISUS</subfield>
    <subfield code="c">Biblioteca Abierta</subfield>
    <subfield code="d">2026-04-29</subfield>
    <subfield code="e">LECTURA</subfield>
    <subfield code="f">0502</subfield>
    <subfield code="i">0502</subfield>
    <subfield code="l">0</subfield>
    <subfield code="o">Literatura</subfield>
    <subfield code="p">BIBLIO0502</subfield>
    <subfield code="r">2026-04-29 09:16:04</subfield>
    <subfield code="t">1</subfield>
    <subfield code="w">2026-04-29</subfield>
    <subfield code="y">BKA</subfield>
  </datafield>
  <datafield tag="999" ind1=" " ind2=" ">
    <subfield code="c">2083</subfield>
    <subfield code="d">2083</subfield>
  </datafield>
</record>
